"Я сіяв те, що Бог послав..." (Запис № 357020)

МАРК-запис
000 -Лідер
fixed length control field 00850nam a22002297a 4500
003 - Ідентифікатор контрольного номера
control field UA-OsUOA
001 - Контрольний номер
control field 70747
007 - Фіксоване поле фізичного опису
fixed length control field ta
008 - Елементи даних фіксованої довжини – загальна інформація
fixed length control field 20100914b un ||||| |||| 00| 0 ukr d
090 ## - Локальний шифр розміщення
Класифікаційний індекс УДК 82.09(477)
Авторський знак (НП) Я11
040 ## - Джерело каталогізації
Агенція оригінальної каталогізації UA-OsUOA
Мова каталогізації ukr
Агенція, яка здійснювала перезапис UA-OsUOA
Агенція, яка здійснювала модифікацію UA-OsUOA
041 ## - Код мови
Код мови тексту/ звукової доріжки чи окремого заголовка (П) ukr
080 ## - Індекс Універсальної десяткової класифікації
Індекс Універсальної десяткової класифікації (УДК) (НП) 82.09(477)
020 ## - Міжнародний стандартний книжковий номер (ISBN)
Міжнародний стандартний книжковий номер (ISBN) (НП) 978-966-603-607-3
245 ## - Відомості про назву
Назва (НП) "Я сіяв те, що Бог послав..."
Решта назви (НП) Сторінки публіцистичної, наукової та літературної творчості Павла Чубинського
Дані про відповідальність (НП) Зелінська Н. В., Капраль І. І., Думанська О. І., Палюх О. В.
260 ## - Публікація, розповсюдження і т.п. (Вихідні дані)
Місце публікації, розповсюдження і т.п. (П) Львів
Ім’я/ наймення видавництва, розповсюджувача і т.п. (П) Світ
Дата публікації, розповсюдження і т.п. (П) 2009
300 ## - Фізичний опис
Обсяг 256 с.
650 #7 - Додаткове предметне введення – тематичний термін
Тематичний термін чи географічна назва, як елемент введення (НП) 82 Література. Літературознавство
Джерело заголовка чи терміна UDC
942 ## - Додаткові елементи входу (Коха)
Тип елемента Koha Книги
955 ## - Код типу видання за змістом
Код типу видання за змістом (НП) Навчальні видання
Фонди
Стан вилучень Стан втрат Джерело класифікації або схеми стелажів Стан уражень Не для кредиту Постійне місце розташування Поточне розміщення Дата придбання Джерело придбання Вартість, звичайна ціна покупки Інвентарний номер Усього замовленно Повний номер виклику Штрих-код Дата останнього перегляду Ціна ефективна від Тип елемента Koha
    Universal Decimal Classification     АБ - Абонемент НБ АБ - Абонемент НБ 14/09/2010 76/2010 82.60 129365   82.09(477) Я11 129365 11/02/2022 14/09/2010 Книги
    Universal Decimal Classification     АБ - Абонемент НБ АБ - Абонемент НБ 14/09/2010 76/2010 82.60 129366   82.09(477) Я11 129366 11/02/2022 14/09/2010 Книги
    Universal Decimal Classification     АБ - Абонемент НБ АБ - Абонемент НБ 14/09/2010 76/2010 82.60 129367   82.09(477) Я11 129367 11/02/2022 14/09/2010 Книги
    Universal Decimal Classification     АБ - Абонемент НБ АБ - Абонемент НБ 14/09/2010 76/2010 82.60 129368   82.09(477) Я11 129368 11/02/2022 14/09/2010 Книги
    Universal Decimal Classification     АБ - Абонемент НБ АБ - Абонемент НБ 14/09/2010 76/2010 82.60 129369   82.09(477) Я11 129369 11/02/2022 14/09/2010 Книги
    Universal Decimal Classification     АБ - Абонемент НБ АБ - Абонемент НБ 29/10/2010 93/2010 82.60 129828   82.09(477) Я11 129828 11/02/2022 14/09/2010 Книги
    Universal Decimal Classification     АБ - Абонемент НБ АБ - Абонемент НБ 29/10/2010 93/2010 82.60 129829   82.09(477) Я11 129829 11/02/2022 14/09/2010 Книги
    Universal Decimal Classification     АБ - Абонемент НБ АБ - Абонемент НБ 29/10/2010 93/2010 82.60 129830   82.09(477) Я11 129830 11/02/2022 14/09/2010 Книги
    Universal Decimal Classification     АБ - Абонемент НБ АБ - Абонемент НБ 29/10/2010 93/2010 82.60 129831   82.09(477) Я11 129831 11/02/2022 14/09/2010 Книги